| 000 | 01053nas a2200313 4500 | ||
|---|---|---|---|
| 001 | BR0502322 | ||
| 003 | BR-BrBNA | ||
| 005 | 20231205105317.0 | ||
| 007 | ta | ||
| 008 | 230509b bl.|||p| |||| 00| 00por d | ||
| 040 |
_aBR-BrBNA _bpor _cBiblioteca Nacional de Agricultura |
||
| 041 | _a(Pt) | ||
| 072 | _aH10 | ||
| 100 | 1 | _aAzeredo, E.H. de | |
| 100 | 1 | _aRodrigues, W.C. | |
| 100 | 1 | _aCassino, P.C.R. | |
| 245 | 1 | _aOcorrência de Selenaspidus articulatus (Morgan)(Hemiptera, Diaspididae)e do predador Pentilia egena (Mulsant)(Coleoptera, Coccinelidae)em Myrtus communis L. (Myrtaceae), em Pinheiral, RJ | |
| 650 | _aPLANTA ORNAMENTAL | ||
| 650 | _aMYRTACEAE | ||
| 650 | _aDICOTILEDÔNEA | ||
| 650 | _aCOCHONILHA | ||
| 650 | _aSELENASPIDUS ARTICULATUS | ||
| 650 | _aHEMIPTERA | ||
| 650 | _aCONTROLE BIOLÓGICO | ||
| 650 | _aRIO DE JANEIRO | ||
| 773 | 0 |
_tRevista Brasileira de Entomologia (Brazil) _xISSN 0085-5626 _g(Oct-Dec 2004), v. 48(4) p. 569-576 _wBR0502322 |
|
| 909 |
_a202311 _bLúcia _c55 _dLúcia Elande |
||
| 942 |
_2AGRIS _n0 _cANA |
||
| 999 |
_c182294 _d182294 |
||